[Event "It (cat.8)"]
[Site "masterchessopen.com Alushta (Ukraine)"]
[Round "9"]
[White "Kurnosov Igor (RUS)"]
[Black "Sharapov Evgeny (UKR)"]
[Result "0-1"]
[WhiteElo "2374"]
[BlackElo "2414"]

1.e4 c5 2.Nf3 d6 3.d4 cxd4 4.Nxd4 Nf6 5.Nc3 Nc6 6.Bg5 e6 7.Qd2 Be7 8.O-O-O O-O
9.f4 Nxd4 10.Qxd4 Qa5 11.Bc4 Bd7 12.Rd3 Rad8 13.Rg3 Kh8 14.Rf1 h6 15.e5 dxe5
16.fxe5 Be8 17.Qe3 Ng4 18.Rxg4 Bxg5 19.Rxg5 hxg5 20.Qxg5 Bc6 21.Bd3 Kg8 22.Qh5
f5 23.Re1 Rd4 24.h3 Bd5 25.g4 Rxd3 26.cxd3 Rc8 27.Re2 f4 28.g5 f3 29.Rf2 Qb6
30.g6 Qe3+ 31.Kb1 Rc6 32.Qh7+ Kf8 33.Qh8+ Ke7 34.Qxg7+ Kd8 35.Qf8+ Kc7 36.g7
{#R} 0-1

[Event "It (open) \"]
[Site "masterchessopen.com Amsterdam (Netherlands)"]
[Round "2"]
[White "Doggers Peter (NED)"]
[Black "Van Delft Merijn (NED)"]
[Result "0-1"]
[WhiteElo "2138"]
[BlackElo "2320"]

1.e4 c5 2.Nf3 d6 3.d4 cxd4 4.Nxd4 Nf6 5.Nc3 Nc6 6.Bg5 e6 7.Qd2 Be7 8.O-O-O
Nxd4 9.Qxd4 O-O 10.f4 Qa5 11.Bc4 Bd7 12.e5 dxe5 13.fxe5 Bc6 14.Bd2 Nd7 15.Nd5
Qc5 16.Nxe7+ Qxe7 17.Rhe1 Rfd8 18.Qg4 Nf8 19.Bd3 Rxd3 20.cxd3 Qc5+ 21.Kb1 Qd5
22.Bb4 Ng6 23.g3 Nxe5 24.Rxe5 Qxe5 25.Bc3 h5 26.Qh4 Qe2 27.Rd2 Qg4 28.Qe7 Bd5
29.b3 Rc8 30.Kb2 Qf5 31.Bd4 a6 32.Rf2 Qg6 33.Bb6 f6 34.Rc2 Re8 35.Qd7 Bc6
36.Qd6 Qf7 37.Qf4 Re7 38.h3 Rd7 39.Qe3 e5 40.g4 hxg4 41.hxg4 Qg6 42.d4 exd4
43.Bxd4 Qe4 44.Rd2 Qxe3 45.Bxe3 Rxd2+ 46.Bxd2 g5 {#R} 0-1

[Event "It (open)"]
[Site "masterchessopen.com Bad Zwesten (Germany)"]
[Round "7"]
[White "Lingelmann Andreas (GER)"]
[Black "Mossakowski Florian (GER)"]
[Result "0-1"]
[WhiteElo "2103"]
[BlackElo "2336"]

1.e4 c5 2.Nf3 Nc6 3.d4 cxd4 4.Nxd4 Nf6 5.Nc3 d6 6.Bg5 e6 7.Qd2 Be7 8.O-O-O O-O
9.f4 Nxd4 10.Qxd4 Qa5 11.Bc4 Bd7 12.e5 dxe5 13.fxe5 Bc6 14.Bxf6 gxf6 15.exf6
Qg5+ 16.Qd2 Bxf6 17.Qxg5+ Bxg5+ 18.Kb1 Rad8 19.Bd3 f5 20.Nb5 Be3 21.Nc7 Kf7
22.Bc4 Bxg2 23.Nxe6 Rxd1+ 24.Rxd1 Rc8 25.Nf4+ Rxc4 26.Nxg2 Bb6 27.Rf1 Kf6
28.Nf4 Rd4 29.Nd3 Rh4 30.Rh1 f4 31.Kc1 Kf5 32.Kd2 Ke4 33.Kd1 Be3 34.Ke1 Rh6
35.h4 Rg6 36.Nf2+ Kf3 37.Rf1 Re6 38.Nd3+ Kg2 {#R} 0-1

[Event "Ch Azerbaijan"]
[Site "masterchessopen.com Baku (Azerbaijan)"]
[Round "0"]
[White "Zulfugarli Magomed (AZE)"]
[Black "Ibrahimov Rasul (AZE)"]
[Result "1-0"]
[WhiteElo "2510"]
[BlackElo "2411"]

1.e4 c5 2.Nf3 Nc6 3.d4 cxd4 4.Nxd4 Nf6 5.Nc3 d6 6.Bg5 e6 7.Qd2 Be7 8.O-O-O O-O
9.f4 Nxd4 10.Qxd4 Qa5 11.Bc4 Bd7 12.e5 dxe5 13.fxe5 Bc6 14.Bd2 Nd7 15.Nd5 Qd8
16.Nxe7+ Qxe7 17.Rhe1 Nb6 18.Bd3 Rfd8 19.Qg4 Rxd3 20.cxd3 Ba4 21.Bh6 f5
22.exf6 Qxf6 23.Bg5 Rc8+ 24.Kb1 Bc2+ 25.Ka1 Bxd1 26.Rxd1 Qf5 27.Qg3 Nd5 28.Bd2
h5 29.a3 h4 30.Qxh4 Qxd3 31.Qg4 Qf5 32.Qe2 Rc2 33.g4 Qg6 34.Rf1 a5 35.h4 b6
36.h5 Rxd2 37.Qxd2 Qxg4 38.h6 {#r} 1-0

[Event "It (open)"]
[Site "masterchessopen.com Brasilia (Brazil)"]
[Round "6"]
[White "Coelho Luis (BRA)"]
[Black "Limp Eduardo (BRA)"]
[Result "1-0"]
[WhiteElo "2164"]
[BlackElo "2480"]

1.e4 c5 2.Nf3 d6 3.d4 cxd4 4.Nxd4 Nf6 5.Nc3 Nc6 6.Bg5 e6 7.Qd2 Be7 8.O-O-O
Nxd4 9.Qxd4 O-O 10.f4 Qa5 11.Kb1 Rd8 12.h4 Bd7 13.Be2 Bc6 14.Qe3 Kf8 15.e5
dxe5 16.fxe5 Rxd1+ 17.Rxd1 Nd5 18.Nxd5 Bxd5 19.c4 Bxg5 20.hxg5 Bxg2 21.Rg1 Bc6
22.Qf4 Rd8 23.Rf1 Be8 24.Qe4 Rd2 25.Bd3 Qb6 26.Bc2 f5 27.Qe1 Rg2 28.Qc3 Rg1
29.Qa3+ Kf7 30.Rd1 Bc6 31.c5 Rxd1+ 32.Bxd1 Qd8 33.Bf3 Qd2 34.Qb3 Qe1+ 35.Kc2
Qf2+ {#r} 1-0

[Event "Ch Hungary (w)"]
[Site "masterchessopen.com Budapest (Hungary)"]
[Round "5"]
[White "Gara Anita (HUN)"]
[Black "Dembo Yelena (GRE)"]
[Result "0-1"]
[WhiteElo "2291"]
[BlackElo "2322"]

1.e4 c5 2.Nf3 Nc6 3.d4 cxd4 4.Nxd4 Nf6 5.Nc3 d6 6.Bg5 e6 7.Qd2 Be7 8.O-O-O O-O
9.f4 Nxd4 10.Qxd4 h6 11.h4 hxg5 12.hxg5 Ng4 13.Be2 e5 14.Qg1 exf4 15.Bxg4 Bxg5
16.Bxc8 Rxc8 17.Nd5 Rc4 18.Rh3 Re8 19.Qh2 Bh6 20.Nc3 Re6 21.Kb1 a6 22.Rh1 Qg5
23.Qg1 Rg6 24.R1h2 Qc5 25.Qe1 Rg3 26.Rh5 Qe3 27.Qh1 Rxc3 28.bxc3 Qxc3 29.R2h3
Qb4+ 30.Ka1 Qxe4 31.Rxg3 fxg3 32.Rxh6 gxh6 33.Qxh6 Qxc2 34.Qg5+ Qg6 35.Qd8+
Kg7 36.Qc8 Qf6+ 37.Kb1 Qf1+ 38.Kb2 Qxg2+ 39.Kb3 Qf3+ 40.Kb2 g2 {#R} 0-1

[Event "It (cat.3)"]
[Site "masterchessopen.com Budapest (Hungary)"]
[Round "3"]
[White "Rajlich Vasik G (USA)"]
[Black "Balogh Csaba (HUN)"]
[Result "0-1"]
[WhiteElo "2209"]
[BlackElo "2359"]

1.e4 c5 2.Nf3 d6 3.d4 cxd4 4.Nxd4 Nf6 5.Nc3 Nc6 6.Bg5 e6 7.Qd2 Be7 8.O-O-O O-O
9.f4 Nxd4 10.Qxd4 Qa5 11.Kb1 Rd8 12.Qd2 Bd7 13.Nd5 Qxd2 14.Nxe7+ Kf8 15.Rxd2
Nxe4 16.Re2 Nxg5 17.Nd5 exd5 18.fxg5 Re8 19.Kc1 Re5 20.h4 Bg4 21.Rf2 Re1+
22.Kd2 Rae8 23.Rh2 d4 24.Kd3 {#R} 0-1

[Event "It (open)"]
[Site "masterchessopen.com Cannes (France)"]
[Round "1"]
[White "Boudre Jean-Pierre (FRA)"]
[Black "Marino Olivier (FRA)"]
[Result "1-0"]
[WhiteElo "2360"]
[BlackElo "2067"]

1.e4 c5 2.Nf3 d6 3.d4 cxd4 4.Nxd4 Nf6 5.Nc3 Nc6 6.Bg5 e6 7.Qd2 Be7 8.O-O-O
Nxd4 9.Qxd4 O-O 10.f4 Qa5 11.Bc4 Bd7 12.Rhe1 Bc6 13.Bb3 Rfd8 14.Bh4 Qc7 15.f5
e5 16.Qc4 Rf8 17.Bxf6 gxf6 18.Nd5 Qd8 19.Qb4 Bxd5 20.Bxd5 Rb8 21.Rd3 Qb6
22.Qxb6 axb6 23.Rb3 Bd8 24.Ree3 Ra8 25.a3 Kg7 26.Bxb7 Ra4 27.Bd5 Rh8 28.Rbc3
Kf8 29.Rc8 Ke7 30.Rb8 Ra7 31.Rc3 Rg8 32.g3 Rd7 33.Rcc8 h5 34.Bc6 Rc7 35.Kb1
Rf8 36.Ka2 Ra7 37.Kb3 Rc7 38.Rxc7+ Bxc7 39.Rxf8 Kxf8 40.Kb4 b5 41.Bxb5 Bb6
42.Be2 Bg1 43.h3 Bf2 44.Bxh5 Bxg3 45.Kc4 Ke7 46.a4 Bf2 47.b4 Kd7 48.Bxf7 {#r}
1-0

[Event "Ch Cuba (juniors) (under 20) (1/2 final)"]
[Site "masterchessopen.com Cuba"]
[Round "5"]
[White "Barrios Carlos (CUB)"]
[Black "Borges Oliver (CUB)"]
[Result "0-1"]
[WhiteElo "2188"]
[BlackElo "2085"]

1.e4 c5 2.Nf3 d6 3.d4 cxd4 4.Nxd4 Nf6 5.Nc3 Nc6 6.Bg5 e6 7.Qd2 Be7 8.O-O-O O-O
9.f4 Nxd4 10.Qxd4 Qa5 11.Bc4 Bd7 12.e5 dxe5 13.fxe5 Bc6 14.Bd2 Nd7 15.Nd5 Qd8
16.Nxe7+ Qxe7 17.Rhe1 Nb6 18.Bd3 Rfd8 19.Qg4 Rxd3 20.cxd3 Ba4 21.Bh6 f5
22.exf6 Qxf6 23.Bg5 Rc8+ 24.Kb1 Bc2+ 25.Ka1 Bxd1 26.Rxd1 Qg6 27.h3 h6 28.Bf4
Qxg4 29.hxg4 Nd5 30.Rc1 Rxc1+ 31.Bxc1 Nb4 32.Kb1 Nxd3 33.Be3 a6 34.g3 Kf7
35.Kc2 Ne5 36.g5 h5 37.Kc3 Ng4 38.Bd2 Ke7 39.Kd4 b6 40.Bb4+ Kf7 41.Bd6 Kg6
42.Bc7 b5 43.Kc5 Ne3 44.Kb6 Nd5+ 45.Kb7 Nxc7 46.Kxc7 e5 {#R} 0-1

[Event "Ch Hungary (team) 2000/01 (3 liga)"]
[Site "masterchessopen.com Hungary"]
[Round "5"]
[White "Gaber Jozsef (SLO)"]
[Black "Olle Peter (HUN)"]
[Result "0-1"]
[WhiteElo "2139"]
[BlackElo "2186"]

1.e4 c5 2.Nf3 d6 3.d4 cxd4 4.Nxd4 Nf6 5.Nc3 Nc6 6.Bg5 e6 7.Qd2 Be7 8.O-O-O
Nxd4 9.Qxd4 O-O 10.f4 Qa5 11.Bc4 Bd7 12.Bxf6 Bxf6 13.e5 Be7 14.f5 exf5 15.Nd5
Bg5+ 16.Kb1 dxe5 17.Qxe5 Kh8 18.b4 Qa4 19.h4 Bh6 20.Bb3 Qa3 21.Nc7 Rad8 22.Qd4
a5 23.b5 a4 24.Bxa4 Be6 25.Nxe6 Rxd4 26.Rxd4 fxe6 27.Rhd1 g6 {#R} 0-1

[Event "Oz.com qualifier (blitz)"]
[Site "masterchessopen.com Internet"]
[Round "5"]
[White "Sawatzki Frank (GER)"]
[Black "Gokerman Ersan (TUR)"]
[Result "1-0"]
[WhiteElo "2306"]
[BlackElo "2106"]

1.e4 c5 2.Nf3 d6 3.d4 cxd4 4.Nxd4 Nf6 5.Nc3 Nc6 6.Bg5 e6 7.Qd2 Be7 8.O-O-O
Nxd4 9.Qxd4 O-O 10.f4 Qa5 11.e5 dxe5 12.Qxe5 Qxe5 13.fxe5 Nd5 14.Bxe7 Nxe7
15.Bd3 Nc6 16.Rhe1 Rd8 17.Be4 Bd7 18.Rd6 Be8 19.Red1 Kf8 20.Nb5 Ke7 21.Nc7
Rac8 22.Nxe8 Kxe8 23.Bxc6+ bxc6 24.c4 Ke7 25.c5 f6 26.exf6+ gxf6 27.Kc2 Rxd6
28.Rxd6 Rg8 29.g3 Rg5 30.b4 Re5 31.Rxc6 Re2+ 32.Kb3 a5 33.b5 Kd7 34.Rd6+ Kc7
35.a4 Re4 36.b6+ Kb7 37.Rd7+ Kb8 38.Rxh7 Rb4+ 39.Kc3 Rxa4 40.c6 Ra3+ 41.Kc4
Ra4+ 42.Kb5 Rb4+ 43.Kxa5 {#r} 1-0

[Event "It (open)"]
[Site "masterchessopen.com Limburg (Germany)"]
[Round "7"]
[White "Vinck Martin (NED)"]
[Black "Van Delft Merijn (NED)"]
[Result "0-1"]
[WhiteElo "2275"]
[BlackElo "2320"]

1.e4 c5 2.Nf3 d6 3.d4 cxd4 4.Nxd4 Nf6 5.Nc3 Nc6 6.Bg5 e6 7.Qd2 Be7 8.O-O-O
Nxd4 9.Qxd4 O-O 10.f4 Qa5 11.Bc4 Bd7 12.e5 dxe5 13.fxe5 Bc6 14.Bd2 Nd7 15.Nd5
Qc5 16.Nxe7+ Qxe7 17.h4 Rfc8 18.Be3 Qc5 19.Qxc5 Nxc5 20.Bxc5 Bxg2 21.b4 Bxh1
22.Rxh1 b6 23.Ba6 bxc5 24.Bxc8 Rxc8 25.b5 Kf8 26.c4 Ke7 27.Rg1 g6 28.Rd1 Rc7
29.Rf1 h6 30.a4 g5 31.h5 Rd7 32.Rd1 Rd4 {#R} 0-1

[Event "Ch Great Britain"]
[Site "masterchessopen.com Millfield (England)"]
[Round "3"]
[White "Wise David (ENG)"]
[Black "McDonnell James J (IRL)"]
[Result "1-0"]
[WhiteElo "2173"]
[BlackElo "2044"]

1.e4 c5 2.Nf3 Nc6 3.d4 cxd4 4.Nxd4 Nf6 5.Nc3 d6 6.Bg5 e6 7.Qd2 Be7 8.O-O-O O-O
9.f4 Nxd4 10.Qxd4 Qa5 11.Bc4 Bd7 12.e5 dxe5 13.fxe5 Bc6 14.Bd2 Nd7 15.Nd5 Qd8
16.Nxe7+ Qxe7 17.Rhe1 Qc5 18.Qxc5 Nxc5 19.Bb4 b6 20.Re2 a5 21.Bxc5 bxc5 22.Rd6
Rfc8 23.Rf2 g6 24.g3 Kg7 25.b3 a4 26.Kb2 a3+ 27.Kc3 Ra7 28.Rfd2 Kh6 29.Rd8
Rcc7 30.Rh8 Bd5 31.Rg8 Kg5 32.Rf2 Bc6 33.Be2 Ra8 34.Rg7 Kh6 35.Rfxf7 Rxf7
36.Rxf7 Bd5 37.h4 {#r} 1-0

[Event "It (open)"]
[Site "masterchessopen.com Montreal (Canada)"]
[Round "1"]
[White "Goldenberg Danny (CAN)"]
[Black "Evelev Vladimir M (RUS)"]
[Result "0-1"]
[WhiteElo "2310"]
[BlackElo "2452"]

1.e4 c5 2.Nf3 d6 3.d4 Nf6 4.Nc3 cxd4 5.Nxd4 Nc6 6.Bg5 e6 7.Qd2 Be7 8.O-O-O O-O
9.f4 Nxd4 10.Qxd4 Qa5 11.e5 dxe5 12.Qxe5 Qxe5 13.fxe5 Nd5 14.Bxe7 Nxe7 15.Bb5
a6 16.Bd3 b5 17.Be4 Rb8 18.Rd6 a5 19.Rhd1 b4 20.Na4 Rb5 21.Rd8 g6 22.Rxf8+
Kxf8 23.Rd8+ Kg7 24.Re8 Rxe5 25.Rxe7 Rxe4 26.Rc7 Ba6 27.Nc5 Re1+ 28.Kd2 Re2+
29.Kd1 Bb5 30.Rb7 Bc4 31.b3 Re5 32.Nd7 Rd5+ 33.Ke1 Bb5 34.Nb6 Re5+ 35.Kd1 Bc6
36.Ra7 Bxg2 37.Nc4 Rh5 38.Rxa5 Rxh2 39.Rb5 Bf3+ 40.Kc1 Be4 41.Nd2 Bc6 42.Rxb4
h5 43.Rc4 Bd5 44.Rf4 g5 45.Rf1 g4 46.c4 Bb7 47.Kd1 h4 48.Ke1 g3 49.Rg1 f5
50.a4 f4 {#R} 0-1

[Event "It (cat.3)"]
[Site "masterchessopen.com Paks (Hungary)"]
[Round "1"]
[White "Toth Andras (HUN)"]
[Black "Breder Dennis (GER)"]
[Result "1-0"]
[WhiteElo "2337"]
[BlackElo "2336"]

1.e4 c5 2.Nf3 d6 3.d4 Nf6 4.Nc3 cxd4 5.Nxd4 Nc6 6.Bg5 e6 7.Qd2 Be7 8.O-O-O
Nxd4 9.Qxd4 O-O 10.f4 Qa5 11.Kb1 h6 12.h4 Rd8 13.Be2 Bd7 14.Qe3 Rac8 15.Rd3
Bc6 16.e5 dxe5 17.fxe5 Rxd3 18.Bxd3 hxg5 19.hxg5 Bxg2 20.gxf6 Bxh1 21.Qh3 g6
22.Bxg6 fxg6 23.Qxe6+ Kh7 24.Qh3+ Kg8 25.Qxc8+ Bd8 26.Qe6+ Kh7 27.Qd7+ Kh6
28.f7 Qc5 29.Qxd8 Qg1+ {#r} 1-0

[Event "It (open)"]
[Site "masterchessopen.com Pardubice (Czech Republic)"]
[Round "6"]
[White "Groszpeter Attila (HUN)"]
[Black "Breder Dennis (GER)"]
[Result "1-0"]
[WhiteElo "2478"]
[BlackElo "2336"]

1.e4 c5 2.Nf3 Nc6 3.d4 cxd4 4.Nxd4 Nf6 5.Nc3 d6 6.Bg5 e6 7.Qd2 Be7 8.O-O-O
Nxd4 9.Qxd4 O-O 10.f4 Qa5 11.Bc4 Bd7 12.e5 dxe5 13.Qxe5 Qb6 14.Qe2 Bc6 15.f5
Qa5 16.Rhf1 Rae8 17.g4 exf5 18.Rxf5 Qc7 19.Nb5 Bxb5 20.Bxb5 Rd8 21.Rdf1 Nd5
22.Bd2 Nb6 23.Bd3 Bd6 24.Bc3 Qe7 25.Qf3 Na4 26.Bf6 gxf6 27.Qh3 h5 28.Rxh5 Bf4+
29.Kb1 f5 30.gxf5 Qc5 31.Qg4+ {#r} 1-0

[Event "It \"]
[Site "masterchessopen.com Alushta (Ukraine)"]
[Round "3"]
[White "Varavin Viktor (RUS)"]
[Black "Sharapov Evgeny (UKR)"]
[Result "1-0"]
[WhiteElo "2491"]
[BlackElo "2395"]

1.e4 c5 2.Nf3 d6 3.d4 cxd4 4.Nxd4 Nf6 5.Nc3 Nc6 6.Bg5 e6 7.Qd2 Be7 8.O-O-O O-O
9.f4 Nxd4 10.Qxd4 Qa5 11.Bc4 Bd7 12.e5 dxe5 13.Qxe5 Qb6 14.Qe2 Rad8 15.Ne4 Bc6
16.Nxf6+ Bxf6 17.Bxf6 gxf6 18.Qg4+ Kh8 19.Qh4 f5 20.Rhe1 Be4 21.Bb3 Rxd1+
22.Rxd1 Rc8 23.Qf6+ Kg8 24.Rd4 Qc7 25.g3 Qa5 26.Qg5+ Kh8 27.Rxe4 Rd8 28.c3 Rd3
29.Rc4 {#r} 1-0

[Event "It (open)"]
[Site "masterchessopen.com Bled (Slovenia)"]
[Round "3"]
[White "Kozamernik Janez (SLO)"]
[Black "Breder Dennis (GER)"]
[Result "0-1"]
[WhiteElo "2172"]
[BlackElo "2441"]

1.e4 c5 2.Nf3 Nc6 3.d4 cxd4 4.Nxd4 Nf6 5.Nc3 d6 6.Bg5 e6 7.Qd2 Be7 8.O-O-O O-O
9.f4 Nxd4 10.Qxd4 Qa5 11.Kb1 h6 12.Bh4 e5 13.Qe3 exf4 14.Qxf4 g5 15.Qg3 Kh8
16.Qe3 Ng4 17.Qf3 gxh4 18.Nd5 Bg5 19.g3 Ne5 20.Qf2 h3 21.g4 Bxg4 22.Be2 Qc5
23.Qe1 Rac8 24.c3 Bxe2 25.Qxe2 Qc4 26.Qc2 Rce8 27.Rhg1 Rg8 28.Ka1 Ng6 29.Rd4
Qc8 30.Rxg5 hxg5 31.Nf6 Qe6 32.Qf2 Nf4 {#R} 0-1

[Event "It (a)"]
[Site "masterchessopen.com Budapest (Hungary)"]
[Round "4"]
[White "Bjornsson Sigurbjorn (ISL)"]
[Black "Blokhuis Jeroen (NED)"]
[Result "1-0"]
[WhiteElo "2312"]
[BlackElo "2321"]

1.e4 c5 2.Nf3 Nc6 3.d4 cxd4 4.Nxd4 Nf6 5.Nc3 d6 6.Bg5 e6 7.Qd2 Be7 8.O-O-O
Nxd4 9.Qxd4 O-O 10.f4 Qa5 11.Kb1 Rd8 12.Qd2 Qc7 13.h4 a6 14.Bd3 b5 15.f5 b4
16.Ne2 Rb8 17.g4 d5 18.e5 Nxg4 19.f6 Bf8 20.fxg7 Bxg7 21.Bxd8 Qxd8 22.Rdg1 f5
23.exf6 Qxf6 24.Qc1 e5 25.Rf1 Nf2 26.Bxh7+ Kxh7 27.Rh2 Nd3 28.cxd3 Bf5 29.Ka1
Qe6 30.h5 Rc8 31.Qg5 Bxd3 32.h6 Bh8 33.Rhf2 Rc7 34.Rf8 Rd7 35.Rg1 d4 36.Ng3
Qg6 37.Qc1 Rf7 38.Qc8 Rxf8 39.Qxf8 Qf6 40.Qc8 Bg6 41.Rf1 Qg5 42.Qd7+ Kg8
43.h7+ {#r} 1-0

[Event "It (cat.7)"]
[Site "masterchessopen.com Budapest (Hungary)"]
[Round "6"]
[White "Rajlich Vasik G (USA)"]
[Black "Breder Dennis (GER)"]
[Result "0-1"]
[WhiteElo "2257"]
[BlackElo "2441"]

1.e4 c5 2.Nf3 Nc6 3.d4 cxd4 4.Nxd4 Nf6 5.Nc3 d6 6.Bg5 e6 7.Qd2 Be7 8.O-O-O O-O
9.f4 Nxd4 10.Qxd4 Qa5 11.Bc4 Bd7 12.e5 dxe5 13.fxe5 Bc6 14.Bd2 Nd7 15.Nd5 Qc5
16.Nxe7+ Qxe7 17.Rhe1 Rfd8 18.Qg4 Nf8 19.Bd3 Rxd3 20.cxd3 Qc5+ 21.Kb1 Qd5
22.Qe4 Qd7 23.Qe2 Ng6 24.g3 Ne7 25.Bb4 Nf5 26.Qf2 Bd5 27.g4 Nd4 28.Bd6 Nf3
29.Re3 Nd4 30.Rc1 Nb5 31.Qf4 f6 32.d4 Nxd6 33.exd6 Rd8 34.g5 f5 35.Rh3 Qxd6
36.Qxd6 Be4+ 37.Ka1 Rxd6 38.Rc8+ Kf7 39.Rxh7 Kg6 40.Rhh8 Rxd4 41.b3 Kxg5
42.h4+ Kf4 43.Rcg8 Rd7 44.Rh7 Ke3 45.Rhxg7 Rxg7 46.Rxg7 f4 47.Kb2 f3 48.Rg3
Kd2 49.Rg4 f2 50.Rf4 Ke3 {#R} 0-1

[Event "It (open)"]
[Site "masterchessopen.com Hamburg (Germany)"]
[Round "7"]
[White "Kotsur Pavel (KAZ)"]
[Black "Kotronias Vasilios (GRE)"]
[Result "1-0"]
[WhiteElo "2572"]
[BlackElo "2548"]

1.e4 c5 2.Nf3 Nc6 3.d4 cxd4 4.Nxd4 Nf6 5.Nc3 d6 6.Bg5 e6 7.Qd2 Be7 8.O-O-O O-O
9.f4 Nxd4 10.Qxd4 Qa5 11.Bc4 Bd7 12.e5 dxe5 13.fxe5 Bc6 14.Bd2 Nd7 15.Nd5 Qd8
16.Nxe7+ Qxe7 17.Rhe1 Rfc8 18.Kb1 Nf8 19.Bd3 Ng6 20.Bb4 Qd8 21.Bf1 Qxd4
22.Rxd4 Rd8 23.Bd6 Ne7 24.Bc5 Rxd4 25.Bxd4 g5 26.g3 b6 27.Kc1 Kg7 28.b3 Bf3
29.Be3 h6 30.h4 gxh4 31.gxh4 Nf5 32.Bf2 Kg6 33.Bd3 Kh5 34.Rg1 Rd8 35.Bxf5 exf5
36.c4 Rd3 37.Rg7 Rd1+ 38.Kc2 Rf1 39.Bd4 Be4+ 40.Kd2 Rf3 41.Ke2 Rf4 42.Rxf7 Bb1
43.Be3 Re4 44.Kf3 Rxe5 45.Rf6 Rxe3+ 46.Kxe3 Bxa2 47.Rxf5+ Kxh4 48.b4 h5 49.Rf2
Bb1 50.c5 {#r} 1-0

[Event "Ch Russia (juniors) (under 20)"]
[Site "masterchessopen.com Kazan (Russia)"]
[Round "6"]
[White "Zablotsky Sergei (RUS)"]
[Black "Timofeev Artyom (RUS)"]
[Result "0-1"]
[WhiteElo "2353"]
[BlackElo "2517"]

1.e4 c5 2.Nf3 d6 3.d4 cxd4 4.Nxd4 Nf6 5.Nc3 e6 6.Bg5 Be7 7.f4 Nc6 8.Qd2 O-O
9.O-O-O Nxd4 10.Qxd4 Qa5 11.Kb1 Rd8 12.Bc4 b5 13.Bxb5 Bb7 14.Rhe1 Rac8 15.Qa4
Qc7 16.e5 dxe5 17.Rxd8+ Qxd8 18.Bxf6 gxf6 19.fxe5 fxe5 20.Bd3 Qd4 21.Qb5 Bxg2
22.Ne2 Qd5 23.Qa4 Kf8 24.a3 Bf3 25.Ng3 Qd4 26.Qxd4 exd4 27.Bxh7 Bd5 28.Rg1 Ke8
29.Ne2 Bf6 30.Nf4 Bb7 31.Re1 Kd7 32.Rf1 Ke7 33.Re1 Kd6 34.Rf1 Be5 35.Nd3 f5
36.Bxf5 exf5 37.Rxf5 Be4 38.Rh5 Bxd3 39.cxd3 Bf4 40.Ra5 Rc1+ 41.Ka2 Rd1 42.Kb3
Rxd3+ 43.Kc4 Rd1 44.b4 Ke6 45.Ra6+ Kf5 46.Rxa7 d3 47.Kc3 d2 48.Rf7+ Ke4 {#R}
0-1

[Event "Ch Russia (1/2 final)"]
[Site "masterchessopen.com Krasnodar (Russia)"]
[Round "0"]
[White "Dashko Andrey (RUS)"]
[Black "Mamian Tigran (ARM)"]
[Result "1-0"]
[WhiteElo "2408"]
[BlackElo "2210"]

1.e4 c5 2.Nf3 Nc6 3.d4 cxd4 4.Nxd4 Nf6 5.Nc3 d6 6.Bg5 e6 7.Qd2 Be7 8.O-O-O O-O
9.f4 Nxd4 10.Qxd4 Qa5 11.h4 Rd8 12.Kb1 Bd7 13.Bc4 b5 14.Bb3 b4 15.Ne2 Rac8
16.g4 Qb5 17.Qd3 a5 18.Bxf6 Bxf6 19.g5 Be7 20.Qxb5 Bxb5 21.Nd4 Be8 22.Nxe6
fxe6 23.Bxe6+ Bf7 24.Bxc8 Rxc8 25.Rd4 Rc5 26.Rh3 d5 27.exd5 Bxd5 28.Rhd3 Bc6
29.a3 Rf5 30.axb4 axb4 31.Rc4 Bb5 32.Rc8+ Kf7 33.Rd4 Kg6 34.Re4 Bf8 35.Ka2 Bd7
36.Rd8 Ra5+ 37.Kb3 Bf5 38.Ree8 Bc5 39.Rd5 {#r} 1-0

[Event "It \"]
[Site "masterchessopen.com Los Angeles (USA)"]
[Round "4"]
[White "Rosen Daniel B (ENG)"]
[Black "Maldonado Oscar (USA)"]
[Result "0-1"]
[WhiteElo "2216"]
[BlackElo "2226"]

1.e4 c5 2.Nf3 Nc6 3.d4 cxd4 4.Nxd4 Nf6 5.Nc3 d6 6.Bg5 e6 7.Qd2 Be7 8.O-O-O O-O
9.f4 Nxd4 10.Qxd4 Qa5 11.Bc4 Bd7 12.Bxf6 gxf6 13.e5 fxe5 14.fxe5 d5 15.Qg4+
Kh8 16.Bd3 Qb4 17.Qh3 Qh4 18.Qxh4 Bxh4 19.Ne2 f6 20.exf6 Bxf6 21.Kb1 Rad8
22.Rhf1 e5 23.Ng3 e4 24.Be2 Bc6 25.c3 Be5 26.Nf5 Bxh2 27.Ne7 Bf4 28.Rh1 Rf7
29.Nxc6 bxc6 30.Rh5 h6 31.Bg4 Bg5 32.Rhh1 Rf2 33.Bh3 c5 34.Rhf1 Rxf1 35.Rxf1
d4 36.cxd4 cxd4 37.Bf5 Re8 38.Re1 Be3 39.Kc2 Kg7 40.b4 Kf6 41.Rf1 Ke5 42.g4
Re7 43.Bg6 d3+ 44.Kb3 Kd4 45.Rf8 Bg5 {#R} 0-1

[Event "Ch France (accession)"]
[Site "masterchessopen.com Marseilles (France)"]
[Round "8"]
[White "Simon Olivier (FRA)"]
[Black "Olivier Jean-Christophe (FRA)"]
[Result "1-0"]
[WhiteElo "2223"]
[BlackElo "2372"]

1.e4 c5 2.Nf3 d6 3.d4 cxd4 4.Nxd4 Nf6 5.Nc3 Nc6 6.Bg5 e6 7.Qd2 Be7 8.O-O-O O-O
9.f4 Nxd4 10.Qxd4 Qa5 11.Bc4 Bd7 12.e5 dxe5 13.fxe5 Bc6 14.Bd2 Nd7 15.Nd5 Qd8
16.Nxe7+ Qxe7 17.Rhe1 Rfc8 18.Bf1 a5 19.Qg4 Qc5 20.Bc3 Bd5 21.a4 Nb6 22.Rd3
Qf8 23.Rg3 Bc4 24.Bd2 g6 25.Qd4 Rc6 26.b3 Bxf1 27.Rxf1 Nd5 28.Kb2 Rac8 29.c4
Nb4 30.Bxb4 Qxb4 31.Rc3 Qe7 32.Rcf3 Rf8 33.Rd1 Qc7 34.Re3 Rc8 35.h4 h5 36.g4
hxg4 37.h5 gxh5 38.Qf4 f5 39.Qh6 Qf7 40.Red3 Re8 41.Rd7 Re7 42.Qg5+ Qg7
43.Rxe7 {#r} 1-0

[Event "Ch World (juniors) (under 18) (g)"]
[Site "masterchessopen.com Oropesa (Spain)"]
[Round "1"]
[White "Medvegy Judit (HUN)"]
[Black "Gvetadze Sopio (GEO)"]
[Result "0-1"]
[WhiteElo "2046"]
[BlackElo "2252"]

1.e4 c5 2.Nf3 Nc6 3.d4 cxd4 4.Nxd4 Nf6 5.Nc3 d6 6.Bg5 e6 7.Qd2 Be7 8.O-O-O O-O
9.f4 Nxd4 10.Qxd4 Qa5 11.Bc4 a6 12.Bb3 b5 13.e5 dxe5 14.fxe5 Nd5 15.Bxe7 Nxe7
16.Ne4 Bb7 17.Nd6 Bd5 18.Bxd5 Nxd5 19.Kb1 Rab8 20.Rd3 b4 21.Rf1 Qb6 22.Qxb6
Rxb6 23.Rdf3 f6 24.Ne4 f5 25.g4 f4 26.h3 Rb5 27.Nd6 Rc5 28.Ne4 Rc4 29.Nd2 Rc7
30.R1f2 Kf7 31.Nb3 Ke7 32.Rd3 Rfc8 33.Nd4 a5 34.a3 Rc4 35.Rfd2 R4c5 36.Nb3 Rb5
37.Nd4 Rb6 38.Nxe6 Nc3+ 39.Kc1 bxa3 40.b3 Kxe6 41.Rd7 a4 42.R7d6+ Rxd6 43.exd6
axb3 {#R} 0-1

[Event "It (cat.13)"]
[Site "masterchessopen.com Paget Parish (Bermuda)"]
[Round "8"]
[White "Stefansson Hannes (ISL)"]
[Black "Gershon Alik (ISR)"]
[Result "1-0"]
[WhiteElo "2575"]
[BlackElo "2556"]

1.e4 c5 2.Nf3 d6 3.d4 cxd4 4.Nxd4 Nf6 5.Nc3 Nc6 6.Bg5 e6 7.Qd2 Be7 8.O-O-O O-O
9.f4 Nxd4 10.Qxd4 Qa5 11.Bc4 Bd7 12.e5 dxe5 13.fxe5 Bc6 14.Bd2 Nd7 15.Nd5 Qd8
16.Nxe7+ Qxe7 17.Rhe1 Rfd8 18.Qg4 Nf8 19.Bd3 Rxd3 20.cxd3 Qd7 21.Bb4 Ng6
22.Bd6 f5 23.Qe2 Bd5 24.Kb1 Qc6 25.Qd2 Bxg2 26.Rc1 Qd5 27.Rc5 Qf3 28.Rg1 Bf1
29.Rg3 Qh1 30.Qc1 Nf8 31.Rc7 Kh8 32.Ka1 Qxh2 33.Rc8 {#r} 1-0

[Event "Ch City (open)"]
[Site "masterchessopen.com Pinneberg (Germany)"]
[Round "4"]
[White "Thomaschke Dirk (GER)"]
[Black "Rabeler Gert (GER)"]
[Result "1-0"]
[WhiteElo "2099"]
[BlackElo "2295"]

1.e4 c5 2.Nf3 Nc6 3.d4 cxd4 4.Nxd4 Nf6 5.Nc3 d6 6.Bg5 e6 7.Qd2 Be7 8.O-O-O
Nxd4 9.Qxd4 O-O 10.f4 Qa5 11.Kb1 Rd8 12.h4 Bd7 13.Bc4 b5 14.Bb3 b4 15.Ne2 e5
16.Qe3 Qc7 17.f5 a5 18.Bxf6 Bxf6 19.g4 a4 20.Bd5 Rac8 21.Rc1 a3 22.g5 Be7
23.f6 axb2 24.Kxb2 Bf8 25.g6 Be6 26.gxh7+ Kh8 27.Rhg1 Bxd5 28.exd5 gxf6 29.Qe4
f5 30.Qxf5 f6 31.Rg8# 1-0

[Event "It (cat.3)"]
[Site "masterchessopen.com Prerov (Czech Republic)"]
[Round "1"]
[White "Hitzgerova Gabriela (CZE)"]
[Black "Pataki Gyozo (HUN)"]
[Result "1-0"]
[WhiteElo "2160"]
[BlackElo "2344"]

1.e4 c5 2.Nf3 Nc6 3.d4 cxd4 4.Nxd4 Nf6 5.Nc3 d6 6.Bg5 e6 7.Qd2 Be7 8.O-O-O
Nxd4 9.Qxd4 O-O 10.f4 Qa5 11.Kb1 Rd8 12.Bc4 h6 13.Bh4 Bd7 14.h3 Rac8 15.Bb3
Qc5 16.e5 dxe5 17.fxe5 Qxd4 18.Rxd4 g5 19.exf6 Bxf6 20.Rg4 e5 21.Bg3 Bxg4
22.hxg4 Rd4 23.Nd5 Rd8 24.Nxf6+ Kg7 25.c3 {#r} 1-0